Musical by Oversimplified Plot/Words - Statistics

General Stats
  • This quiz has been taken 26 times
  • The average score is 7 of 19
Answer Stats
Plot Answer % Correct
Highschooler just wants to be cool. Pretends to be dead guy's friend. Makes a speech. Gets famous. Ruins life. Everything works out in the end. Trees and acorns. Dear Evan Hansen
67%
Highschooler just wants to be cool. Wears pink. Screws over their friends. Gets screwed over. Lion costume. Stars. Mean Girls
67%
Green. Pink. Popularity. Love. Rivalry. Wicked
62%
Highschooler just wants to be cool. Fights in a war. Gains popularity. Screws over friend. Gets screwed over. Dies. Columbia University. Hamilton
57%
College student gets screwed over. Gets smart as revenge. Lawyer up. Screws over douchey ex in a good way. Could've and should've ended gayer. Legally Blonde
57%
Death. Goths. Demon possession. Pedophilia. Moms. Sandworms. Girlscouts. Harry Belafonte Beetlejuice
52%
Racism. One corny boy. Song that gives chills. Movie: John Travolta in drag (nothanks). Hairspray
52%
Highschooler just wants to be cool. Obtains not only popularity, but a psychopathic boyfriend and a bodycount. Everyone tries to kill themselves. Boyfriend blows himself up instead of school with everyone inside. Let's watch The Princess Bride. Heathers
43%
Grimm's fairytales. Milk. Bread. Hair. Shoes. Giants. Into the Woods
43%
Highschooler just wants to be cool. Gets drugs from Japan. Screws over their friend. Gets screwed over. Red Mountain Dew. Voices. Be More Chill
33%
Historical people incarnated as popstars sing about being screwed over. Screw over douchey ex in a good way. Six
33%
Identity Theft. Fraud. Touched children. Battle of the Bands. School of Rock
29%
Pregnancy. Pies. Adultery. Baby. Creepy stalker vibes from the one guy. Waitress
29%
Highschooler just wants to dance. Gets screwed over. Blatent homophobia. People suck. Girl makes a speech. Gets famous. Gets dance. Dances with girlfriend. Prom
24%
Gambling man gets a Christian girl drunk/ into a bar brawl. She falls in love with him despite that. Double wedding. (I personally do not like this musical.) Guys and Dolls
10%
U.S. Navy. Lottery. Very hot. No power. Someone dies. Married to love of their life in the end. In the Heights
10%
Dude is dying. Gin. Waits for someone to set his soul free. "self-epitaph" Written by David Bowie. Lazarus
10%
Highschooler just wants to be loved. Gets drugs. Gets screwed over. Gets arrested. Narration. All in 14 minutes. 21 Chump Street
5%
Voice memos. Two people. Fake identity. A duck named Henry. Years pass. Bittersweet. 36 Questions
5%
No matching quizzes found
Score Distribution
Percent of People with Each Score
Percentile by Number Answered
Your Score History
You have not taken this quiz